Obras completas (Registo nº 199695)

Detalhes MARC
000 -Etiqueta do registo
Valores 007680000a22002530004500
010 ## - Número ISBN
ISBN 972.31-0808-9
021 ## - Número do Depósito Legal
Código do país Portugal
Número 125482/92
100 ## - Dados gerais de processamento
Dados gerais 20220331 frey50
200 ## - Titulo e menção de responsabilidade
Título próprio Obras completas
Primeira menção de responsabilidade Delfim Santos
210 ## - Publicação
Local de publicação Lisboa
Nome do editor Fundação Calouste Gulbenkian
Data de publicação D.L.1998
215 ## - Descrição física 
Paginação / Volumes 488 p
Outras indicações físicas encadernado
Dimensões 22 cm
225 ## - Colecção 
Título próprio da colecção Cultura portuguesa
327 ## - Nota de conteúdo
Texto da nota 4o v.: Correspondência. - 1998. - 488 p.
606 ## - Nome comum usado como assunto
Palavra de ordem Filosofia
ID Autoridade 32
610 ## - Termos não controlados
Palavra de ordem Santos Delfim 1907-1966 -- Correspondência
610 ## - Termos não controlados
Palavra de ordem Filosofia -- [Cartas]
675 ## - CDU
Notação 1Santos, Delfim
Língua PT
Edição por
675 ## - CDU
Notação 821.134.3-6"19"
Língua PT
Edição por
700 ## - Autor principal (pessoa individual)
Apelido Santos
ID Autoridade 15494
Datas 1907-1966
Nome Delfim
801 ## - Fonte de origem
País PT
Agência BMMN
Regras de catalogação RPC
830 ## - Notas gerais do catalogador
Criado por Ana
Indexado por Ana
990 ## - Elementos KOHA
Tipo de documento Livro
Exemplares
Situação do levantamento Biblioteca de origem Código de barras Cota Permissão de empréstimo Tipo de documento Forma de aquisição
  Biblioteca Municipal de Montemor-o-Novo 28665 1 SAN|DEP   Livro Compra

Powered by Koha